<?xml version="1.0" encoding="UTF-8"?>
<collection xmlns="http://www.loc.gov/MARC21/slim">
 <record>
  <leader>00453pamaa2200157   4500</leader>
  <controlfield tag="001">0000040602</controlfield>
  <controlfield tag="005">20080707090000.0</controlfield>
  <datafield tag="020" ind1="0" ind2="0">
   <subfield code="a">8123906838 (pbk) </subfield>
  </datafield>
  <datafield tag="090" ind1="0" ind2="0">
   <subfield code="a">RS100.5 </subfield>
   <subfield code="b">GUP 1996</subfield>
  </datafield>
  <datafield tag="100" ind1="1" ind2="0">
   <subfield code="a">Gupta </subfield>
  </datafield>
  <datafield tag="245" ind1="1" ind2="0">
   <subfield code="a">Pharmaceutics 1 : </subfield>
   <subfield code="b">(Practical notebook for 1st year Diploma in Pharmacy  </subfield>
   <subfield code="c">by A. Gupta and V.V. Jain.</subfield>
  </datafield>
  <datafield tag="260" ind1="0" ind2="0">
   <subfield code="a">Tirunelvli: </subfield>
   <subfield code="b">Rx Publications, </subfield>
   <subfield code="c">2005.</subfield>
  </datafield>
  <datafield tag="300" ind1=" " ind2=" ">
   <subfield code="a">97p.g; </subfield>
   <subfield code="c">26 cm.</subfield>
  </datafield>
  <datafield tag="650" ind1="0" ind2="0">
   <subfield code="a">Pharmaceutical </subfield>
  </datafield>
  <datafield tag="700" ind1="1" ind2="1">
   <subfield code="a">Jain, </subfield>
   <subfield code="h">V.V. </subfield>
  </datafield>
 </record>
</collection>
